| 000 | 00361nam a2200157Ia 4500 | ||
|---|---|---|---|
| 003 | OSt | ||
| 005 | 20240311121957.0 | ||
| 008 | 170523s9999 xx 000 0 und d | ||
| 020 | _a9788131754467 | ||
| 040 | _ciimtu meerut | ||
| 100 | _aHORNE- JAMES C VAN | ||
| 245 | 0 | _aFINANCIAL MANAGEMENT AND POLICY | |
| 260 | _bPHI | ||
| 260 | _c2002 | ||
| 942 |
_2ddc _c02 |
||
| 999 |
_c1360 _d1360 |
||